| 000 | 00749nam a2200205 a 4500 | ||
|---|---|---|---|
| 001 | 001083474 | ||
| 003 | AM-YeHGA | ||
| 005 | 20250617163334.0 | ||
| 008 | 150603s1960 ru r 000 0 rus d | ||
| 040 | _aAM-YeHGA | ||
| 041 | 0 | _arus | |
| 100 | 1 | _aОрлов, Август Илларионович | |
| 245 | 1 | 0 |
_aМеханизация и автоматизация на предприятиях Марийского совнархоза / _cА.И. Орлов. |
| 260 |
_aЙошкар-Ола : _bМарийское кн. изд-во, _c1960. |
||
| 300 |
_a55 с. ; _c21 см. |
||
| 650 | 1 | 4 | _aПрикладные знания |
| 650 | 1 | 4 | _aАвтоматика |
| 650 | 1 | 4 | _aМеханизация производства |
| 090 | _c508399 | ||
| 999 |
_c504979 _d504979 |
||